000 01657nam0a2200385 4500
001 RU\NLR\BIBL_A\011599114
005 20180226154425.0
010 _a978-5-9500282-7-4
021 _aRU
_bКН-П-19-008050
_9КН-П-19-5843
035 _a(NLR Aleph) 011599114
035 _a(RuMoRGB)009498055
090 _a10878429
_c10878429
100 _a20180122d2017 d y0rusy50 ca
101 0 _arus
_aeng
102 _aRU
105 _aa j 000zy
200 1 _aГрамматика английского языка
_dEnglish grammar book
_fН. Л. Утевская
205 _a2.0 version
210 _aСанкт-Петербург
_cАнтология
_d2017
215 _a478, [1] с.
_cтабл.
_d22
300 _aНа обл.: With separate Answer keys
320 _aБиблиогр. в конце кн.
333 _a12+
510 1 _6z45790
_aEnglish grammar book
_zeng
606 1 _aАнглийский язык
_xГрамматика
_jУчебные издания для высших учебных заведений
_2nlr_sh2
_3RU\NLR\AUTH\6644367
606 1 _aАнглийский язык
_xГрамматика
_jУчебные издания для специализированных учебных заведений
_2nlr_sh2
_3RU\NLR\AUTH\6644367
686 _aШ143.21-932.2
_2rubbk
686 1 _aШ143.21-93рус3-2
686 3 _aШ143.21-93рус2-2
700 1 _aУтевская
_bН. Л.
_gНаталья Львовна
_3RU\NLR\AUTH\7751321
790 1 _6z45510
_aUtevskaja
_bN. L.
_gNatal'ja L'vovna
_3RU\NLR\AUTH\7751322
942 _cBOOK
980 _aNB